000
00291nam a22001457a 4500
008
170203b xxu||||| |||| 00| 0 eng d
020
_a
081380440
041
_a
eng
080
_a
61
082
_2
5ED
100
_a
3
101
_a
SHM
245
_a
DIASESOFSWINE
_c
LEMAN
942
_2
udc
_c
BK
999
_c
4494
_d
4494